Statistics for Middlest Countries - Area

Click here to take the quiz!

General Stats

  • This quiz has been taken 26 times
  • The average score is 20 of 30

Answer Stats

Area (square km)Country% Correct
109,884Cuba
81%
108,889Guatemala
77%
112,492Honduras
73%
147,181Nepal
73%
83,871Austria
69%
110,879Bulgaria
69%
93,028Hungary
69%
130,373Nicaragua
69%
120,540North Korea
69%
92,090Portugal
69%
196,722Senegal
69%
100,210South Korea
69%
176,215Uruguay
69%
114,763Benin
65%
117,600Eritrea
65%
131,990Greece
65%
89,342Jordan
65%
199,951Kyrgyzstan
65%
185,180Syria
65%
143,100Tajikistan
65%
83,600United Arab Emirates
65%
86,600Azerbaijan
62%
207,600Belarus
62%
181,035Cambodia
62%
118,484Malawi
62%
163,610Tunisia
62%
103,000Iceland
58%
111,369Liberia
54%
163,820Suriname
54%
147,570Bangladesh
42%

Score Distribution

Percentile by Number Answered

Percent of People with Each Score

Your Score History

You have not taken this quiz